000 00412nam a22001457a 4500
003 SGT
082 _a617.84
_bC21P
100 _aPAL, SAJJAN
245 _aComparative Study Of Eight Week Pilates And Plyometric Training Program On Sports Specific Performance Of Male Karate Players
260 _aGURUGRAM
_bSGT UNIVERSITY
_c2021
300 _a182
650 _aPHYSIOTHERAPY
653 _aPHD
942 _2ddc
_cTH
999 _c26456
_d26456